Η φιλοσοφία και ο καθρέπτης της φύσης
Αποθηκεύτηκε σε:
| Κύριος συγγραφέας: | |
|---|---|
| Άλλοι συγγραφείς: | , , |
| Μορφή: | Βιβλίο |
| Γλώσσα: | Greek English |
| Δημοσίευση: |
Αθήνα :
Κριτική,
2001.
|
| Σειρά: | Γλώσσα - Θεωρία - Πράξη ;
15 |
| Θέματα: | |
| Ετικέτες: |
Προσθήκη ετικέτας
Δεν υπάρχουν, Καταχωρήστε ετικέτα πρώτοι!
|
MARC
| LEADER | 00000cam a2200000 i 4500 | ||
|---|---|---|---|
| 001 | 1/78796 | ||
| 008 | 050616s2001 gr | ||| |||| ||gre|| | ||
| 020 | |a 960218-377 | ||
| 035 | |l 10078598 | ||
| 040 | |a GR-MyUA |b gre |e AACR2 | ||
| 041 | 1 | |a gre |h eng | |
| 082 | 0 | |a 190 |2 (22) | |
| 100 | 1 | |a Rorty, Richard. | |
| 245 | 1 | 2 | |a Η φιλοσοφία και ο καθρέπτης της φύσης / |c Richard Rorty ; μετάφραση Πάρις Μπουρλάκης-Γιώργος Φουρτούνης ; επιμέλεια Φιλήμων Παιονίδης. |
| 260 | |a Αθήνα : |b Κριτική, |c 2001. | ||
| 300 | |a 538 σ. ; |c 21 εκ. | ||
| 490 | 1 | |a (Γλώσσα-θεωριά-πράξη |v ; 15 | |
| 500 | |a Μετάφραση από τα αγγλικά | ||
| 500 | |a Τίτλος πρωτοτύπου: Philosophy and the miror of nature. | ||
| 650 | 0 | 0 | |a Philosophy. |
| 650 | 0 | 0 | |a Philosophy, Modern. |
| 650 | 0 | 0 | |a Mind and body. |
| 650 | 0 | 0 | |a Representation (Philosophy) |
| 650 | 0 | 0 | |a Analysis (Philosophy) |
| 650 | 0 | 0 | |a Civilization |x Philosophy. |
| 700 | 1 | |a Μπουρλάκης, Πάρις, |e trl | |
| 700 | 1 | |a Φουρτούνης, Γιώργος, |e trl | |
| 700 | 1 | |a Παιονίδης, Φιλήμων, |d 1961- |e edt | |
| 830 | 0 | |a Γλώσσα - Θεωρία - Πράξη ; |v 15 | |
| 852 | |a INST |b LESVOS |e 20050616 |h 190 ROR |p 005100032184 |q 005100032184 |t BK |y 0 | ||
| 901 | |a BIBL1-2005-2 | ||
| 909 | |a Λ |b 121029 | ||
| 920 | |a ΕΠΕΑΕΚ ΚΟΙΝΩΝΙΚΗΣ ΑΝΘΡΩΠΟΛΟΓΙΑΣ ΚΑΙ ΙΣΤΟΡΙΑΣ |y Λέσβος |z 2004-12 | ||
| 970 | |a ΚΑΡΑ |b ΓΙΑΣΕΜΗ |z 2005/06/16 | ||